• 首页
  • 本馆介绍
  • 公告通知
  • 最新文献
  • 馆藏检索
  • 电子资源
  • 读者导购
  • 参考咨询
  • 我的图书馆
  • 登录
  • 详细信息显示
  • 放入我的书架
  • 预约/预借图书
  • 作者相关作品
  • 分类相关作品
  • 丛书相关作品
  • 出版社相关作品

书目信息

  • 表格格式
  • 工作单格式
  • 卡片格式
题名:
小说书坊录
    
 
作者: 韩锡铎 , 王清原 编纂
分册:  
出版信息: 沈阳   春风文艺出版社  1987.11
页数: 293页
开本: 19cm
丛书名:
单 册:
中图分类: I207.41
科图分类: 43.25
主题词: 古典小说-书名目录--中国 , 书名目录-古典小说--中国 , 出版发行机构--中国--名录
电子资源:
ISBN: 7-5313-0052-4
000 00908nam0 2200301 450
001 0188018282
005 20130329125000.0
010    @a7-5313-0052-4@dCNY1.75
011    @a7-5313-0052-4
091    @a10158.1145
100    @a20130329d1987 m y0chiy0110 ea
101 0  @achi
102    @aCN@b210000
105    @ay z 001yy
106    @ar
200 1  @a小说书坊录@9Xiao Shuo;Yue;Shui Shu Fang Lu @f韩锡铎,王清原编纂
210    @a沈阳@c春风文艺出版社@d1987.11
215    @a293页@d19cm
330    @a本书介绍了从宋代到1930年为止的通俗小说撰著与刊刻年代及版本源流情况。
606 0  @a古典小说-书名目录@y中国
606 0  @a书名目录-古典小说@y中国
606 0  @a出版发行机构@y中国@x名录
690    @aI207.41@v1980
692    @a43.25@v1974
701  0 @a韩锡铎@9han xi duo@4编纂
701  0 @a王清原@9wang qing yuan@4编
801  0 @aCN@b91MARC@c20130904
905    @aBZT@dI207.41@e71@f1@sI207.41/71
    
    小说书坊录/韩锡铎,王清原编纂.-沈阳:春风文艺出版社,1987.11
    293页;19cm
    
    
    ISBN 7-5313-0052-4:CNY1.75
    本书介绍了从宋代到1930年为止的通俗小说撰著与刊刻年代及版本源流情况。
●
相关链接 在五车中查询图书 在当当中查询图书 在豆瓣中查询图书


正题名:小说书坊录     索取号:I207.41/71         预约/预借

序号 登录号 条形码 馆藏地/架位号 状态 备注
1 2000141898   2000141898   旧书回溯/ [索取号:I207.41/71] 在馆    
山东省滨州职业学院图书馆 欢迎您!
大连网信软件有限公司© 版权所有